[Event "Mittelfranken-chTB2b 1213"]
[Site "Germany"]
[Date "2013.02.11"]
[Round "7.6"]
[White "Proeschel, Gerhard"]
[Black "Poeschl, Herbert"]
[Result "1-0"]
[WhiteElo "1861"]
[BlackElo "1532"]
[PlyCount "63"]
[EventDate "2012.10.07"]
[EventType "team-tourn"]
[EventRounds "9"]
[EventCountry "GER"]
[SourceTitle "EXT 2019"]
[Source "ChessBase"]
[SourceDate "2018.10.10"]
[SourceVersion "1"]
[SourceVersionDate "2018.10.10"]
[SourceQuality "1"]
[WhiteTeam "Muehlhof/Schwabach"]
[BlackTeam "Gunzenhausen/Weissenburg II"]
[WhiteTeamCountry "GER"]
[BlackTeamCountry "GER"]

1. e4 e5 2. f4 exf4 3. Bc4 d6 4. d4 g5 5. h4 g4 6. Bxf4 Be7 7. g3 Bf6 8. Nc3 Nc6 9. Nge2 Nge7 10. 0-0 0-0 11. Qd2 Bg7 12. a3 Na5 13. Ba2 Be6 14. d5 Bd7 15. b4 f5 16. Bh6 Ng6 17. Bxg7 Kxg7 18. bxa5 Ne5 19. Nd4 c5 20. dxc6 bxc6 21. Kh1 Qxa5 22. exf5 Kh8 23. Ne4 Qxd2 24. Nxd2 c5 25. Ne6 Bc6+ 26. Kg1 Rf6 27. Rf4 h5 28. Ng5 d5 29. Re1 Re8 30. Ne6 Nf7 31. Nb3 Ba4 32. Rxa4 1-0

[Event "Mittelfranken-ch HT 61st"]
[Site "Weissenburg"]
[Date "2012.04.04"]
[Round "5"]
[White "Gajewski, Richard"]
[Black "Poeschl, Herbert"]
[Result "1-0"]
[WhiteElo "1668"]
[BlackElo "1542"]
[PlyCount "123"]
[EventDate "2012.04.02"]
[EventType "swiss"]
[EventRounds "7"]
[EventCountry "GER"]
[SourceTitle "EXT 2015"]
[Source "ChessBase"]
[SourceDate "2014.11.20"]
[SourceVersion "1"]
[SourceVersionDate "2014.11.20"]
[SourceQuality "1"]

1. e4 e6 2. d4 d5 3. e5 c5 4. c3 Qb6 5. a4 cxd4 6. a5 Qc7 7. Qxd4 Nc6 8. Bb5 Bd7 9. Bxc6 Bxc6 10. Nf3 Bb5 11. Be3 Be7 12. Qg4 g6 13. h4 h5 14. Qd4 Nh6 15. Bxh6 Rxh6 16. b4 Rh8 17. Kd2 Qc4 18. Qxc4 Bxc4 19. Na3 Rc8 20. g3 Kf8 21. Rhe1 Kg7 22. Ke3 Rhd8 23. Rac1 b6 24. axb6 axb6 25. Red1 Bb3 26. Rd4 Bc4 27. Ng5 Bxg5+ 28. hxg5 b5 29. Nxc4 bxc4 30. Ra1 Ra8 31. Rdd1 Rh8 32. Rxa8 Rxa8 33. Rd2 Ra3 34. Kd4 Rb3 35. Rc2 Kf8 36. Kc5 Ke7 37. Kc6 d4 38. cxd4 Rxb4 39. Kc5 Rb3 40. Kxc4 Ra3 41. Rd2 Ra1 42. Rc2 Kd7 43. Kb5 Rb1+ 44. Kc4 Ra1 45. Kd3 Ra3+ 46. Ke4 Ra1 47. Rd2 Ra3 48. Rb2 Kc7 49. Rb4 Ra1 50. Rb3 Re1+ 51. Re3 Ra1 52. Rf3 Re1+ 53. Kd3 Rd1+ 54. Ke2 Rxd4 55. Rxf7+ Kc6 56. f4 Ra4 57. Rf6 Ra2+ 58. Kf3 Ra3+ 59. Kg2 Kd5 60. Rxg6 Ra2+ 61. Kh3 Ra1 62. Rh6 1-0

[Event "Mittelfranken-ch HT 61st"]
[Site "Weissenburg"]
[Date "2012.04.04"]
[Round "6"]
[White "Poeschl, Herbert"]
[Black "Mueller, Roland2222"]
[Result "0-1"]
[WhiteElo "1542"]
[BlackElo "1582"]
[PlyCount "116"]
[EventDate "2012.04.02"]
[EventType "swiss"]
[EventRounds "7"]
[EventCountry "GER"]
[SourceTitle "EXT 2015"]
[Source "ChessBase"]
[SourceDate "2014.11.20"]
[SourceVersion "1"]
[SourceVersionDate "2014.11.20"]
[SourceQuality "1"]

1. d4 Nf6 2. e3 d5 3. f4 Bf5 4. Bd3 Qd7 5. Nf3 Be4 6. 0-0 e6 7. Ne5 Qd8 8. Nc3 Bxd3 9. Qxd3 c6 10. Bd2 Be7 11. f5 exf5 12. Qxf5 0-0 13. Rf3 g6 14. Qd3 Nbd7 15. Nxd7 Nxd7 16. e4 dxe4 17. Nxe4 f5 18. Qc4+ Kh8 19. Ng3 Bf6 20. Bc3 Qb6 21. Kh1 Rae8 22. Rd1 Qd8 23. Qa4 Qb8 24. Qb3 h5 25. Bb4 Rg8 26. c4 h4 27. Nf1 Re4 28. Bc3 Rge8 29. Rdd3 Kh7 30. Ne3 f4 31. Nf1 g5 32. h3 b6 33. Qc2 Kh6 34. Nh2 Kg6 35. Rd1 Kg7 36. Ng4 Qc8 37. Kh2 Qd8 38. Nxf6 Nxf6 39. d5 c5 40. d6 Qd7 41. Rd5 Kf7 42. Rxg5 Qxd6 43. Bxf6 Qxf6 44. Rg4 Kf8 45. Qd2 Ke7 46. Qd5 Qe6 47. Qb7+ Kd8 48. Qa8+ Kc7 49. Qxa7+ Kc6 50. Qa4+ Kb7 51. Rg7+ Re7 52. Rxe7+ Qxe7 53. Rd3 Rd4 54. Rxd4 cxd4 55. Qd1 Qe3 56. Kh1 d3 57. Qg4 Qe1+ 58. Kh2 Qg3+ 0-1